000 00638nam a22001577a 4500
003 OSt
005 20150906115002.0
008 150906b xxu||||| |||| 00| 0 eng d
040 _cRUA
082 _aAGR​ គង់ 1990 B001 Or.1
100 _998
_aគង់ ធីតា
245 _aលក្ខណៈពិសេសនៃការស្រោចស្រពដំណាំសណ្ដែកសៀង​ក្នុងរដូវប្រាំងនិងការវាយតំលៃដីតាមរបៀបក្សេត្រវិធី
260 _a Phnom Penh
_bRUA
_c1990
300 _a127p.
_bill.
_c29cm.
942 _2ddc
_cAGR
999 _c92
_d92